Geology and mineral resources of the Thomaston quadrangle, Georgia. (Record no. 28728)
[ view plain ]
| 000 -LEADER | |
|---|---|
| fixed length control field | 00935cam a22002771 4500 |
| 001 - CONTROL NUMBER | |
| control field | gs 53000114 |
| 003 - CONTROL NUMBER IDENTIFIER | |
| control field | DLC |
| 005 - DATE AND TIME OF LATEST TRANSACTION | |
| control field | 20260227111359.0 |
| 008 - FIXED-LENGTH DATA ELEMENTS--GENERAL INFORMATION | |
| fixed length control field | 780828s1952 gauab b s000 0 eng |
| 010 ## - LIBRARY OF CONGRESS CONTROL NUMBER | |
| LC control number | gs 53000114 |
| 035 ## - SYSTEM CONTROL NUMBER | |
| System control number | (OCoLC)4171798 |
| 040 ## - CATALOGING SOURCE | |
| Original cataloging agency | DLC |
| Transcribing agency | UU |
| Modifying agency | OCoLC |
| -- | DLC |
| 042 ## - AUTHENTICATION CODE | |
| Authentication code | premarc |
| 050 00 - LIBRARY OF CONGRESS CALL NUMBER | |
| Classification number | QE101 |
| Item number | .A12 no. 59 |
| 080 ## - UNIVERSAL DECIMAL CLASSIFICATION NUMBER | |
| Universal Decimal Classification number | 557/.58 |
| 100 1# - MAIN ENTRY--PERSONAL NAME | |
| Personal name | Clarke, James W. |
| Fuller form of name | (James Wood) |
| 245 10 - TITLE STATEMENT | |
| Title | Geology and mineral resources of the Thomaston quadrangle, Georgia. |
| 260 ## - PUBLICATION, DISTRIBUTION, ETC. | |
| Place of publication, distribution, etc. | Atlanta |
| Date of publication, distribution, etc. | 1952. |
| 300 ## - PHYSICAL DESCRIPTION | |
| Extent | x,99p. |
| Other physical details | illus.,maps(1 fold. col. in pocket) tables. |
| Dimensions | 23cm. |
| 490 0# - SERIES STATEMENT | |
| Series statement | Georgia. State Division of Conservation. The Geological Survey |
| 502 ## - DISSERTATION NOTE | |
| Dissertation note | Thesis--Yale. |
| 504 ## - BIBLIOGRAPHY, ETC. NOTE | |
| Bibliography, etc. note | "References": p. 97-99. |
| 650 #0 - SUBJECT ADDED ENTRY--TOPICAL TERM | |
| Topical term or geographic name entry element | Geology |
| Geographic subdivision | Georgia |
| -- | Thomaston quadrangle. |
| 650 #0 - SUBJECT ADDED ENTRY--TOPICAL TERM | |
| Topical term or geographic name entry element | Petrology |
| Geographic subdivision | Georgia |
| -- | Thomaston quadrangle. |
| 650 #0 - SUBJECT ADDED ENTRY--TOPICAL TERM | |
| Topical term or geographic name entry element | Mines and mineral resources |
| Geographic subdivision | Georgia |
| -- | Thomaston quadrangle. |
No items available.